000 01225cad a22002295a 4500
001 L159979
008 180413s2018 xxkd f s 000 0 eng d
035 _a(Sirsi) u159979
041 0 _aeng
110 2 _aKnight Frank
_91530
245 0 4 _aThe wealth report 2018
_h[electronic resource]
250 _a12th ed.
260 _aLondon
_bThink Publishing
_c2018
520 _aReports on the Knight Frank Prime International Residential Index (PIRI) and attitudes of high net worth individuals (HNWIs) who held a portfolio in the prime residential market in 2018. Examines international commercial market opportunities. Databank presents statistical results of, PIRI, Global Cities and Attitudes surveys. Special features sections include Silicon Valley, New York, London, Amsterdam, Cape Town and Australia. Autumn 2018 updates added September 2018 available at www.knightfrank.com
590 _aKA
651 4 _aInternational
690 _aResidential property
_96266
690 _aCommercial property
_96227
710 2 _aCiti Private Bank
_95312
856 4 8 _uhttps://www.knightfrank.com/wealthreport/2018/global-wealth/key-trends-2018
_zView the item free of charge at www.knightfrank.com/wealthreport
942 _n0
999 _c116173
_d116173